Etoiles de la constellation d'Orion - Statistiques

Statistiques générales
  • Ce quiz a été pris 30 fois
  • Le résultat moyen est 4 sur 11
Réponses sur la Carte
Les réponses sont colorées sur une échelle allant du rouge au vert en fonction du pourcentage des utilisateurs qui les ont devinées à leur premier essai. Vous pouvez retrouver ces pourcentages ci-dessous.
 
Statistiques - réponses
Réponse % Correct
Bételgeuse
80%
Alnilam
53%
Bellatrix
53%
Mintaka
47%
Rigel
47%
Saiph
47%
Alnitak
33%
Hatysa
27%
M42
20%
Meissa (Heka)
20%
Tabit
20%
Aucun quiz correspondant
Distribution des résultats
% des personnes avec chaque résultat
Percentile par nombre de réponses
Votre historique - résultats
Vous n’avez pas pris ce quiz